Responses for Show #2563 - Wednesday, October 25, 1995

Contestants

[<< previous game]

Steve Boyd, a Latin teacher from Hagerstown, Maryland

Clytie David, a secretary from Forest Hills, New York

Dennis Jones, an analyst from Springfield, Virginia (whose 1-day cash winnings total $11,801)

[next game >>]

Jeopardy! Round responses

U.S. PRESIDENTS
ABBREVIATIONS
NORSE MYTHOLOGY
THE FANNIE FARMER COOKBOOK
THE FUN '50s
FRANKS & FRANKLINS
    $100 8
Richard Nixon

Steve
    $100 1
sealed with a kiss

Dennis
    $100 6
Thor

Steve
    $100 21
a Boston cream pie

Steve
    $100 26
a sock hop

Steve
    $100 16
(Steve: What is $100?)

Benjamin Franklin

DennisSteve
    $200 12
Jimmy Carter

Steve
    $200 2
honorable

Clytie
    $200 7
feet

Dennis
    $200 25
lima beans

Dennis
    $200 27
the hula hoop

Dennis
    $200 17
Frank Lloyd Wright

Steve
    $300 13
Andrew Jackson

Steve
    $300 3
Standard and Poor

Dennis
    $300 9
Odin

Steve
    $300 22
okra

Dennis
    $300 28
Charles Van Doren

Clytie
    $300 18
Frank James

Dennis
    $400 14
(Steve: Who is William Henry Harrison?)

JFK

ClytieSteve
    $400 4
off track betting

Clytie
    $400 10
a cow

Steve
    $400 23
curry powder

Dennis
    $400 29
Bermuda shorts

Dennis
    $400 19
(1 of) Frank Gifford (Frank Kinard, Frank Gatski)

Clytie
    $1,000 15
Hoover

Clytie
    $500 5
Ezekiel

Steve
    $500 11
a dragon

Steve
    $500 24
spinach

Steve
    $500 30
Gorgeous George

Dennis
    $500 20
Frank Borman

Dennis

Scores at the first commercial break (after clue 15):

Dennis Clytie Steve
$600 $2,000 $2,000

Scores at the end of the Jeopardy! Round:

Dennis Clytie Steve
$3,500 $2,700 $2,800

Double Jeopardy! Round responses

ANCIENT GREECE
LAKES & RIVERS
THE MOVIES
MAMMALS
LITERATURE
ART POTPOURRI
    $200 7
Delphi

Steve
    $200 24
Mexico

Dennis
    $200 1
Mary Poppins

Clytie
    $200 3
sheep

Dennis
    $200 11
Chicago

Dennis
    $200 18
oil

Dennis
    $400 8
Sparta

Clytie
    $400 25
Uganda

Clytie
    $400 2
Robin Hood

Dennis
    $400 4
the yak

Dennis
    $400 12
To Kill a Mockingbird

Dennis
    $400 19
the Louvre

Steve
    $600 9
the chorus

Dennis
    $600 26
the Loire

Clytie
    $600 23
The African Queen

Steve
    $600 5
the armadillo

Dennis
    $600 13
The Stranger

Steve
    $600 20
Salvador DalĂ­

Clytie
    $800 14
the Peloponnesian War

Clytie
    $3,000 27
(Clytie: What is Lake Michigan?)

Lake Erie

Clytie
    $800 28
Saturday Night Fever

Triple Stumper
    $800 6
Madagascar

Steve
    $800 16
Gustave Flaubert

Triple Stumper
    $800 21
(Steve: Who is Picasso?)

Diego Rivera

ClytieSteve
    $1000 15
Demosthenes

Dennis
    $1000 30
Italy

Dennis
    $1000 29
Outbreak

Steve
    $1,500 10
(Dennis: What is the duck-billed [*]?)

the platypus

Dennis
    $1000 17
John Knowles

Triple Stumper
    $1000 22
Peter Paul Rubens

Steve

Scores at the end of the Double Jeopardy! Round:

Dennis Clytie Steve
$10,200 $3,500 $6,600

[wagering suggestions for these scores]

Final Jeopardy! Round responses

NATIVE AMERICANS
(Alex: [To Steve] Over 19,000,000 acres owned by Native Americans in that state, it is number one.)
ClytieWhat is Alaska?
$3,500
SteveWhat is Arizona?
$1,600
DennisWhat is Alaska?
$3,001
Arizona

Final scores:

Dennis Clytie Steve
$7,199 $0 $8,200
2nd place: General Instrument satellite system & Samsung 25" TV + Jeopardy home game & electronic game from Tiger 3rd place: Towle coffee/tea service + Jeopardy home game & electronic game from Tiger New champion: $8,200

Game dynamics:

Coryat scores:

Dennis Clytie Steve
$9,700 $6,000 $6,600
24 R
(including 1 DD),
0 W
13 R
(including 1 DD),
1 W
(including 1 DD)
19 R,
3 W

Combined Coryat: $22,300

[game clues] [game scores] [suggest correction]

Game tape date: Unknown
The J! Archive is created by fans, for fans. Scraping, republication, monetization, and malicious use prohibited; this site may use cookies and collect identifying information. See terms. The Jeopardy! game show and all elements thereof, including but not limited to copyright and trademark thereto, are the property of Jeopardy Productions, Inc. and are protected under law. This website is not affiliated with, sponsored by, or operated by Jeopardy Productions, Inc. Join the discussion at JBoard.tv.